000 00601nam a2200241Ia 4500
003 OSt
005 20230505161158.0
008 210423s2008 xx 000 0 und d
020 _a9780070263642
040 _cAL
041 _aeng
082 _a337 CHEF
100 _aCHERUNILAM (Francis)
_982380
245 _aInternational economics
250 _a5
260 _aNew Delhi
_bTata McGrawhill
_c2008
300 _axxxii,733
_bPB
365 _b375
_cINR
650 _aEconomics
_982381
650 _aInternational Economics
_982382
906 _aeconomics ; International
942 _2ddc
_cBK
999 _c157947
_d157947